<?xml version="1.0" encoding="UTF-8"?>
<collection xmlns="http://www.loc.gov/MARC21/slim">
 <record>
  <leader>01997nam a2200325 a 4500</leader>
  <controlfield tag="001">1/51325</controlfield>
  <controlfield tag="008">051115s2005    be  u pdd     0   a0gre d</controlfield>
  <datafield tag="020" ind1=" " ind2=" ">
   <subfield code="a">92-894-8878-6</subfield>
  </datafield>
  <datafield tag="022" ind1="0" ind2=" ">
   <subfield code="a">1016-8060 (print)</subfield>
  </datafield>
  <datafield tag="022" ind1="0" ind2=" ">
   <subfield code="a">1725-3187 (online)</subfield>
  </datafield>
  <datafield tag="024" ind1="0" ind2=" ">
   <subfield code="a">ECFIN/E/3/REP/56108-EN</subfield>
  </datafield>
  <datafield tag="035" ind1=" " ind2=" ">
   <subfield code="l">33206</subfield>
  </datafield>
  <datafield tag="040" ind1=" " ind2=" ">
   <subfield code="a">GR-PeUP</subfield>
  </datafield>
  <datafield tag="041" ind1="0" ind2=" ">
   <subfield code="a">eng</subfield>
  </datafield>
  <datafield tag="099" ind1=" " ind2=" ">
   <subfield code="a">ΚΕΤ Αλφαβητική σειρά</subfield>
  </datafield>
  <datafield tag="245" ind1="0" ind2="0">
   <subfield code="a">Tracking labour market reforms in the EU member states :</subfield>
   <subfield code="b">an overview of reforms in 2004 based on the LABREF database /</subfield>
   <subfield code="c">Arpaia Alfonso...[et.al.]</subfield>
  </datafield>
  <datafield tag="260" ind1="0" ind2=" ">
   <subfield code="a">Brussels- Belgium:</subfield>
   <subfield code="b">European Comission: Directorate-General for Economic and Financial Affairs,</subfield>
   <subfield code="c">2005.</subfield>
  </datafield>
  <datafield tag="300" ind1=" " ind2=" ">
   <subfield code="a">56 σ.:</subfield>
   <subfield code="b">πιν.</subfield>
   <subfield code="c">30 εκ.</subfield>
  </datafield>
  <datafield tag="490" ind1="1" ind2=" ">
   <subfield code="a">European Economy. Economic papers ;</subfield>
  </datafield>
  <datafield tag="520" ind1="0" ind2=" ">
   <subfield code="a">The paper examines the rationale for creating a database on labour market reforms and looks at the value-added of LABREF compared with existing datasets. In doing so, it considers recent developments in the economic literature as regards the design of labour market institutions. After a description of the coverage and structure of the database and of the information contained therein, the paper provides a summary overview of reforms enacted by EU Member States in 2004. On the base of the qualitative information in the database, the paper builds simple indicators of reform intensity and makes a tentative characterisation of the reforms strategy implemented by the Member States in 2004.</subfield>
  </datafield>
  <datafield tag="580" ind1=" " ind2=" ">
   <subfield code="a">Economic Papers</subfield>
  </datafield>
  <datafield tag="700" ind1="1" ind2=" ">
   <subfield code="a">Mourre, Gilles.</subfield>
  </datafield>
  <datafield tag="700" ind1="1" ind2=" ">
   <subfield code="a">Arpaia, Alfonso.</subfield>
  </datafield>
  <datafield tag="700" ind1="1" ind2=" ">
   <subfield code="a">Costello, Declan.</subfield>
  </datafield>
  <datafield tag="700" ind1="1" ind2=" ">
   <subfield code="a">Pierini, Fabiana.</subfield>
  </datafield>
  <datafield tag="710" ind1="2" ind2=" ">
   <subfield code="a">European Commission : Directorate-General for Economic and Financial Affairs.</subfield>
  </datafield>
  <datafield tag="773" ind1="0" ind2="8">
   <subfield code="a">Economic Papers</subfield>
   <subfield code="g">December 2005, No 239.</subfield>
  </datafield>
  <datafield tag="830" ind1=" " ind2=" ">
   <subfield code="a">European Economy. Economic papers ;</subfield>
   <subfield code="v">239.</subfield>
  </datafield>
  <datafield tag="852" ind1=" " ind2=" ">
   <subfield code="a">INST</subfield>
   <subfield code="b">UNIPILB</subfield>
   <subfield code="c">KET</subfield>
   <subfield code="e">20090311</subfield>
   <subfield code="p">EEEP 239</subfield>
   <subfield code="q">EEEP 239</subfield>
   <subfield code="t">NOLOAN</subfield>
   <subfield code="y">23</subfield>
   <subfield code="4">1</subfield>
  </datafield>
  <datafield tag="856" ind1="4" ind2="1">
   <subfield code="u">http://ec.europa.eu/economy_finance/publications/publication_summary532_en.htm</subfield>
  </datafield>
 </record>
</collection>
